01773cam a22003974i 4500003000900000005001700009008004100026035002000067040003300087100004300120245017300163264001000336300002100346336002100367337002500388338002300413502005900436504002400495520063300519526001001152526001001162526000901172526000901181526000901190526000901199526000901208526000901217526000901226526000801235526000801243526000801251526000801259526000801267650005701275700004301332PE-LiUPU20250731165431.0160217s1994 pe grm 000 0 spa d a(Sirsi) a156198 aPE-LiUPUbspacPE-LiUPUerda1 aNeyra Reyes, Wilfredo Felicianoeautor1 aEfecto del humus de lombriz y el bioabono frente los fertilizantes químicos en el cultivo de maíz (Zea mays): Estudio comparativo /cWilfredo Feliciano Neyra Reyes. 0c1994. a81 hojas c30 cm atext2rdacontent aunmediated2rdamedia avolume2rdacarrier aTesisb(Lic.) -- cUniversidad Peruana Unión,d1994. aIncluye referencias3 aLas plantas, al igual que los demás seres vivientes, necesitan de nutrientes para poder vivir. Ellas obtienen sus elementos nutritivos de tres fuentes: aire, agua y suelo. Del aire extraen el carbono mediante la función clorofiliana, y parte del oxigeno, mediante la respiración. Del suelo obtienen una parte apreciable del carbono y nitrógeno. El nitrógeno lo toma en forma de nitratos, sales amónicas y, algunos casos, de combinaciones orgánicas; el potasio, fosforo, calcio, etc., los toma de sus sales respectivas disueltas en el agua del suelo o del complejo arcillo-húmico por intercambio de los minerales. aSEG44 aSEG26 aP151 aP150 aP149 aP146 aP145 aP126 aP125 aP92 aP75 aP74 aP27 aP1504aFertilizantes orgánicoaxFertilizantes químicos.1 aRodríguez Curazi, Yuri Raúleautor